<?xml version="1.0" encoding="UTF-8"?>
<collection xmlns="http://www.loc.gov/MARC21/slim">
  <record>
    <leader>00000nam  2200000   4500</leader>
    <controlfield tag="001">INLIS000000000002080</controlfield>
    <controlfield tag="005">20180724144017</controlfield>
    <controlfield tag="008">180724|||||||||   |   |||   |||| ||   | </controlfield>
    <datafield tag="035" ind1=" " ind2=" ">
      <subfield code="0">010-0718002080</subfield>
    </datafield>
    <datafield tag="041" ind1=" " ind2=" ">
      <subfield code="a">id</subfield>
    </datafield>
    <datafield tag="082" ind1=" " ind2=" ">
      <subfield code="a">R.25 PIM I 2016</subfield>
    </datafield>
    <datafield tag="090" ind1=" " ind2=" ">
      <subfield code="a">R.25 PIM I 2016</subfield>
    </datafield>
    <datafield tag="100" ind1=" " ind2=" ">
      <subfield code="a">Haluk., Ribka</subfield>
    </datafield>
    <datafield tag="245" ind1=" " ind2=" ">
      <subfield code="a">Rancangan Peraturan Daerah Provinsi Tentang Penanggulangan Dan Pemberantasan Peredaran Narkotika, Psikotropika Dan Zat Adiktif Lainnya Di Provinsi Papua</subfield>
    </datafield>
    <datafield tag="260" ind1=" " ind2=" ">
      <subfield code="a">Jakarta</subfield>
      <subfield code="b">LAN Jakarta</subfield>
      <subfield code="c">2016</subfield>
    </datafield>
    <datafield tag="300" ind1=" " ind2=" ">
      <subfield code="a">40 hlm., 30 cm</subfield>
    </datafield>
    <datafield tag="500" ind1=" " ind2=" ">
      <subfield code="a">Ada beberapa tujuan dari penyusunan naskah akademik ini.  Pertama adalah untuk menampilkan gambaran permasalahan yang perlu diatur dalam Peraturan Daerah Provinsi Papua mengenai penanggulangan dan pemberantasan peredaran Napza termasuk rehabilitasi terhadap pecandu Napza di Provinsi Papua.  Yang kedua adalah untuk memberi arah dan kejelasan lingkup materi muatan yang menjadi pengaturan dalam Rancangan Peraturan Daerah Provinsi Papua.  Yang ketiga adalah untuk menampilkan argumentasi filosofis, yuridis, dan sosiologis mengenai alasan pentingnya pembentukan Peraturan Daerah yang mengatur penanggulangan dan pemberantasan peredaran Napza termasuk rehabilitasi terhadap pecandu Napza di Provinsi Papua.  Yang keempat adalah untuk memuat lingkup materi muatan pengaturan yang jelas mengenai kewenangan pemerintah provinsi Papua dalam hal penanggulangan dan pemberantasan peredaran, rehabilitasi Napza di provinsi Papua.</subfield>
    </datafield>
    <datafield tag="650" ind1=" " ind2=" ">
      <subfield code="a">Rancangan Peraturan</subfield>
    </datafield>
  </record>
</collection>
